Program report for 1995 - 96

Bewaard in:
Bibliografische gegevens
Formaat: Boek
Taal:Undetermined
Gepubliceerd in: Manila International rice research institute 1996
Onderwerpen:
Tags: Voeg label toe
Geen labels, Wees de eerste die dit record labelt!
Thư viện lưu trữ: Trung tâm Học liệu Trường Đại học Cần Thơ
LEADER 00465nam a2200169Ia 4500
001 CTU_16975
008 210402s9999 xx 000 0 und d
082 |a 630.72 
082 |b P962/1995 
245 0 |a Program report for 1995 - 96 
260 |a Manila 
260 |b International rice research institute 
260 |c 1996 
650 |a Rice 
650 |x Research 
904 |i Nguyễn Quang Điền 
980 |a Trung tâm Học liệu Trường Đại học Cần Thơ